Orientaciones educativas para niños de 3 a 6 años
Tallennettuna:
| Päätekijä: | |
|---|---|
| Aineistotyyppi: | Kirja |
| Kieli: | espanja |
| Julkaistu: |
Madrid
Bruño
1991
|
| Sarja: | Colección Nueva Escuela, 22
|
| Aiheet: | |
| Tagit: |
Lisää tagi
Ei tageja, Lisää ensimmäinen tagi!
|
MARC
| LEADER | 00000nam a2200000 a 4500 | ||
|---|---|---|---|
| 001 | UCN0048 | ||
| 003 | CL-VaPUC | ||
| 008 | 010316e19910000SP |||||||||||||||||spa|d | ||
| 082 | 0 | 4 | |a 372.21 |b IGL |2 21 |
| 100 | |a Iglesias Iglesias, Rosa María |e author |9 529236 | ||
| 245 | 1 | 0 | |a Orientaciones educativas para niños de 3 a 6 años |
| 300 | |a 190 p | ||
| 942 | |c BK | ||
| 945 | |d 20010316 00:00:00 |a cmena | ||
| 260 | |a Madrid |b Bruño |c 1991 | ||
| 650 | 0 | |a Educación preescolar |9 260381 | |
| 650 | 0 | |a Métodos de enseñanza |9 270413 | |
| 650 | 0 | |a Currículo |9 307290 | |
| 650 | 0 | |a Desarrollo individual |9 307875 | |
| 650 | 0 | |a Niños |9 255605 | |
| 583 | |a last modification |c 20010316 00:00:00 |k Rodrigo Vera | ||
| 490 | 0 | |a Colección Nueva Escuela, 22 | |
| 999 | |c 294020 |d 294018 | ||
| 952 | |0 0 |1 0 |4 0 |6 372_210000000000000_IGL_1991 |7 0 |8 A |9 345860 |a BIBEDU |b BIBEDU |d 2019-11-20 |i 369917K |o 372.21 IGL 1991 |p 369917K |r 2023-08-09 |w 2019-11-20 |y BK |k EPE | ||